| 000 | 01284aam a2200313 i 4500 | ||
|---|---|---|---|
| 001 | 768714001 | ||
| 003 | CO-MdFUSB | ||
| 005 | 20250514085109.0 | ||
| 007 | ta | ||
| 008 | 250513t1998 sp ||||| |||| 00| 0 spa d | ||
| 020 | _a84-8267-035-2 | ||
| 040 | _cCO-MdFUSB | ||
| 041 | 0 | _aspa | |
| 082 | 0 | 4 |
_223 _a248 _bN575c |
| 100 | 1 |
_aNúéz Doval, Ramón _eautor |
|
| 245 | 1 | 0 |
_aConstruyendo el reino de los cielos : _bun llamado a la edificación de comunidades de vida cristiana _c/ Ramón Núñez Doval |
| 264 | 1 |
_bClie, _aBarcelona, España : _c[1998] |
|
| 264 | 4 | _c©1988 | |
| 300 | _a208 páginas | ||
| 336 |
_atexto _btxt _2rdacontent |
||
| 337 |
_2rdamedia _asin mediación _bn |
||
| 338 |
_2rdacarrier _avolumen _bnc |
||
| 505 | _aLa importancia de la Biblia -- La necesidad de la unidad -- El cristianismo básico -- El propósito de Dios para el hombre -- El cristianismo bíblico integrado - El plan de Desarrollo de Dios -- Las implicaciones del plan de Dios -- Edificando comunidades de vida cristiana -- Hacia una teología bíblica científica | ||
| 563 | _aRústico | ||
| 653 |
_aIglesia _aCrecimiento espiritual _aReino de Dios _aVida cristiana _aFormacion espiritual _aEspiritualidad |
||
| 942 | _cBK | ||
| 945 | _aElías Tolentino | ||
| 999 |
_c44730 _d44730 |
||